| 000 | 01111nam a2200301 i 4500 | ||
|---|---|---|---|
| 003 | DO-SdBNP | ||
| 005 | 20250704135351.0 | ||
| 007 | ta | ||
| 008 | 250704b1998 dr abc|| |||| 00| 0 spa d | ||
| 040 |
_aDO-SdBNP _bspa _cBNPHU _erda |
||
| 041 | _ait | ||
| 082 | 4 |
_axxxx _bC679m _222 |
|
| 245 | 0 | 0 |
_aMondo di ambra : _bI segreti dell' ambra dominicana / _cDieter Schlee, Abelardo Jiménez Lambertus, Manuel Iturralde Vinent, Chiqui Vicioso ; prólogo, Jorge Caridad. |
| 264 | 1 |
_aSanto Domingo : _bMuseo Mundo de Ámbar, _c1998. |
|
| 300 |
_a119 páginas : _bilustraciones, mapas, retratos ; _c22 cm. |
||
| 336 |
_atexto _btxt _2rdacontent |
||
| 337 |
_asin mediación _bn _2rdamedia |
||
| 338 |
_avolumen _bnc _2rdacarrier |
||
| 500 | _aIncluye datos biográficos del autor en la solapa de la cubierta | ||
| 590 | _aInventariado, 2025/BT | ||
| 700 | 1 |
_aSchlee, Dieter _919740 |
|
| 700 | 1 |
_aJiménez Lambertus, Abelardo _921571 |
|
| 700 | 1 |
_aIturralde Vinent, Manuel _988266 |
|
| 700 | 1 |
_aVicioso, Chiqui _987126 |
|
| 700 | 1 |
_aCaridad, Jorge, _eprologuista _4pr. _919740 |
|
| 910 | _aBtavárez | ||
| 942 |
_2ddc _cLBS1 |
||
| 999 |
_c59442 _d59442 |
||